000
00317nam a2200133Ia 4500
008
190216s9999||||xx |||||||||||||| ||und||
100
_a
Arora P N
245
0
_a
Programming With Basic For Computers
250
_a
second
260
_b
S Chand & Co
_c
1988
300
_a
184 p
650
_a
Computer Science
942
_c
BK
999
_c
8371
_d
8371